00365 2200145 4500001002100000005001500021035002000036245006100056100001800117300001200135260003800147082000800185084001400193990001200207INLIS00000000000162120250425074802 a0010-04250000371 aKisah - Kisah Teladan 25 Nabi dan Rasul /cAchmad Suhada0 aAchmad Suhada a128 hlm aSurakarta :bBerlian Media Wacana a200 a200 ACH k a0754711